• 首页
  • 本馆介绍
  • 公告通知
  • 最新文献
  • 馆藏检索
  • 电子资源
  • 读者导购
  • 参考咨询
  • 我的图书馆
  • 登录
  • 详细信息显示
  • 放入我的书架
  • 预约/预借图书
  • 作者相关作品
  • 分类相关作品
  • 丛书相关作品
  • 出版社相关作品

书目信息

  • 表格格式
  • 工作单格式
  • 卡片格式
题名:
东北满族民歌音乐形态与演唱研究
    
 
作者: 孙作东, 著
分册:  
出版信息: 长春   吉林出版集团股份有限公司  2022.06
页数: 305页
开本: 24cm
丛书名:
单 册:
中图分类: J607.221 , J616.22
科图分类:
主题词: 满族--man zu--民歌--民族音乐研究--东北地区 , 满族--man zu--民歌--民族声乐--歌唱法--研究--东北地区
电子资源:
ISBN: 978-7-5731-0702-2
000 01423nam0 2200277 450
001 CAL 0120227434321
005 20230217093113.0
010    @a978-7-5731-0702-2@dCNY58.00
100    @a20220730d2022 em y0chiy0120 ea
101 0  @achi
102    @aCN@b220000
105    @ag a 000yy
106    @ar
200 1  @a东北满族民歌音乐形态与演唱研究@Adong bei man zu min ge yin yue xing tai yu yan chang yan jiu@f孙作东著
210    @a长春@c吉林出版集团股份有限公司@d2022.06
215    @a305页@d24cm
314    @a孙作东, 男, 汉族, 1969年9月出生, 吉林省通化县人, 中共党员、教授、博士, 现任通化师范学院音乐学院院长, 吉林省一流专业负责人。
320    @a有书目 (第394-305页)
330    @a本书稿以东北地区的满族民歌为研究对象, 通过对满族民歌发展的历史性回顾和深入的田野调查, 结合已有的相关音乐文献资料, 对满族民歌进行音乐形态分析和演唱研究。进而, 对当代满族民歌的保护与传承进行理论思考并提出应对之策。全书共分五个章节, 第一章阐述东北满族民歌的演进历程 ; 第二章呈现东北满族民歌的田野调查成果 ; 第三章深入剖析东北满族民歌的音乐形态 ; 第四章分析东北满族民歌的演唱 ; 第五章针对东北满族民歌的现代传承问题提出理论思考和具体策略。
606 0  @a满族@Aman zu@x民歌@x民族音乐研究@y东北地区
606 0  @a满族@Aman zu@x民歌@x民族声乐@x歌唱法@x研究@y东北地区
690    @aJ607.221@v5
690    @aJ616.22@v5
701  0 @a孙作东,@Asun zuo dong@f1969-@4著
801  0 @aCN@bBJXHZP@c20230228
905    @b1397237-40@dJ607.221@e1461@f4
    
    东北满族民歌音乐形态与演唱研究/孙作东著.-长春:吉林出版集团股份有限公司,2022.06
    305页;24cm
    
    
    ISBN 978-7-5731-0702-2:CNY58.00
    本书稿以东北地区的满族民歌为研究对象, 通过对满族民歌发展的历史性回顾和深入的田野调查, 结合已有的相关音乐文献资料, 对满族民歌进行音乐形态分析和演唱研究。进而, 对当代满族民歌的保护与传承进行理论思考并提出应对之策。全书共分五个章节, 第一章阐述东北满族民歌的演进历程 ; 第二章呈现东北满族民歌的田野调查成果 ; 第三章深入剖析东北满族民歌的音乐形态 ; 第四章分析东北满族民歌的演唱 ; 第五章针对东北满族民歌的现代传承问题提出理论思考和具体策略。
●
相关链接 在E读中查询图书 在五车中查询图书 在当当中查询图书 在豆瓣中查询图书


正题名:东北满族民歌音乐形态与演唱研究     索取号:J607.221/1461         预约/预借

序号 登录号 条形码 馆藏地/架位号 状态 备注
1 1397237   213972370   第一样本阅览室/ [索取号:J607.221/1461] 在馆    
2 1397238   213972389   第一借阅区/ [索取号:J607.221/1461] 在馆    
3 1397239   213972398   第一借阅区/ [索取号:J607.221/1461] 在馆    
4 1397240   213972405   第一借阅区/ [索取号:J607.221/1461] 在馆    
唐山师范学院图书馆 欢迎您!
大连网信软件有限公司© 版权所有